| 000 | 00603nam a22001577a 4500 | ||
|---|---|---|---|
| 003 | AUA.1 | ||
| 005 | 20241209113600.0 | ||
| 008 | 241209b |||||||| |||| 00| 0 eng d | ||
| 040 | _cJTL | ||
| 100 | _aChenset, Kgomotso Bogadi | ||
| 245 |
_aPredictive factors influencing employee retention at Botswana Union Conference of the Seventh-day Adventist Church in Botswana / _cKgomotso Bogadi Chenset. |
||
| 300 |
_axiii, 131 leaves : _bill. ; _c28 cm. |
||
| 650 | _aEmployee retention | ||
| 650 |
_aSeventh-day Adventist Church _xBotswana Union Conference |
||
| 942 |
_2aua _cTHESIS _hMBA _i.C46 2024 |
||
| 999 |
_c24788 _d24788 |
||